Fußball-Weltmeister der Damen - Statistiken

Allgemein
  • Dieses Quiz wurde 978 mal gespielt
    915 seit der letzten Aktualisierung
  • Das Durchschnittsergebnis liegt bei 7 aus 8
Antwortstatistiken
Jahr Weltmeister % Korrekt
2003 Deutschland
99%
2007 Deutschland
99%
1991 Vereinigte Staaten
97%
1999 Vereinigte Staaten
97%
2015 Vereinigte Staaten
97%
2019 Vereinigte Staaten
97%
2011 Japan
71%
1995 Norwegen
57%
Keine übereinstimmenden Quizze gefunden
Verteilung der Resultate
Anzahl Personen mit jedem Resultat
Perzentil nach korrekt beantworteten Fragen
Ihre Resultats-Entwicklung
Sie haben dieses Quiz seit der letzten Aktualisierung nicht gespielt